000 00604nam a2200241Ia 4500
003 OSt
005 20220924143127.0
006 a|||||r|||| 00| 0
007 ta
008 220923b |||||||| |||| 00| 0 urd d
020 _c8.00
024 _a306808
037 _cTextual
040 _aARTS
_cARTS
_burd
041 _2urd
_aurd
082 _aO168,6:g, K7
100 _aKhan Abdul Wodood
_9214849
245 0 _aUrdu nasar mein adeeb -e- latef
260 _c1967
650 _aURDU LITERATURE
942 _hO168,6:g, K7
_cTEXL
_2CC
999 _c453268
_d453268